000 00817nam a2200181 a 4500
008 180209s2016 ||||||||||||||||| || u
050 _aCBU-PG THESIS/MWI
100 _aMwiinga, Brian
245 1 3 _aAn assessment of the impact of the Citizen Economic Empowerment Fund (CEEF) on the growth of SMEs: a focus on Lusaka District
_cby Brian Mwiinga
260 _aKitwe:
_bCopperbelt University
_c2016
300 _aix,76p.: ill.
500 _aIncludes References
650 _aSMALL AND MEDIUM ENTERPRISES-- LUSAKA
650 _aSMALL AND MEDIUM ENTERPRISES
650 _aSMALL AND MEDIUM ENTERPRISES (SMEs)--FUNDING OF-
650 0 _aSMALL BUSINESS
995 _FCBU-MAIN LIBRARY (Kitwe)
_M1
_UAVAILABLE
_WFeb 9, 2018
_XCopperbelt University
_ZUniversity Collection
999 _c35132
_d35132